| 000 | 02066cam a2200301 a 4500 | ||
|---|---|---|---|
| 003 | OSt | ||
| 005 | 20201002102409.0 | ||
| 008 | 020301s2001 ck r 000 0 spa d | ||
| 020 | _a9589203698 | ||
| 040 |
_aCO-BoPUJ _cCO-JMCR |
||
| 041 | 0 | _aspa | |
| 082 | 0 | 4 |
_a332 / _bC758c _223 |
| 100 | 1 |
_a Constantinesco, Vlad, _eautor _911127 |
|
| 245 | 0 | 0 |
_aCrisis económica y finanzas públicas _cVlad Constantinesco...[et al.] ; editores William Zambrano Cetina y Liliana Lizarazo Rodríguez ; presentación Marco Gerardo Monroy Cabra |
| 250 | _aPrimera edición | ||
| 260 |
_aBogotá : _bUniversidad del Rosario, _c2001. |
||
| 300 |
_a278 páginas ; _c24 cm. |
||
| 490 | 0 | _aColección Textos de Jurisprudencia | |
| 504 | _aIncluye referencias bibliográficas. | ||
| 505 | 0 |
_tAspectos de la economía política de las finanzas públicas en Sudeste Asiático. / _rPhilippe de Lombarerde. -- _tLa constitución económica colombiana: ¿un instrumento eficaz contra la crisis?. / _rCarlos lleras de la Fuente. -- _tHacia una nueva metodología de intervención estatal. / _rWilliam Zambrano Cetina. -- _tLa banca central europea y los nuevos reos de las instituciones europeas. / _rVlad Constantinesco -- _tLos equilibrios macroeconómicos y el banco central: el caso colombiano. / _rSalomón Kalmanovitz. -- _tCrisis cambiaria y equilibrios macroeconómicos en el área latinoamericana. / _rCarlos Ossa Escobar. -- _tEl presupuesto. / _rMauricio Alfredo Plazas Vega. -- _tDéficit fiscal y la reorientación del gasto público. / _rGabriel Rosas Vega _tDesarrollo normativo del situado fiscal: necesidad de un análisis económico del sistema del sistema jurídico vigente. / _rLiliana LIzarazo Rodríguez. |
|
| 650 | 2 | 4 |
_aHacienda pública _vCongresos _911128 |
| 650 | 2 | 4 |
_aCrisis económica _zAsia _vCongresos _911129 |
| 650 | 2 | 4 |
_aPolítica monetaria _vCongresos _911130 |
| 700 | 1 |
_aZambrano Cetina, William _eeditor _92862 |
|
| 700 | 1 |
_aLizarazo Rodríguez, Liliana _eeditora _95712 |
|
| 700 | 1 |
_aMonroy Cabra, Marco Gerardo _eprologuista _97938 |
|
| 942 |
_2ddc _cBK |
||
| 999 |
_c6897 _d6897 |
||